000 00807nam a2200169Ia 4500
008 090711s9999 xx 000 0 und d
082 _b150
100 _aमोरे तुकाराम / जगताप कल्याण / रणपिसे
245 _aग्रीन हाऊस तंत्रज्ञान
260 _bकॉन्टीनेन्टल प्रकाशन
_c1997
300 _a124
600 _aमोरे तुकाराम / जगताप कल्याण / रणपिसे
630 _aग्रीन हाऊस तंत्रज्ञान
700 _aमोरे तुकाराम / जगताप कल्याण / रणपिसे
730 _aग्रीन हाऊस तंत्रज्ञान
942 _cBOOK
999 _c323641
_d323641